El evangelio de Juan: análisis lingüístico y comentario exegético
Guardado en:
| Autores principales: | , |
|---|---|
| Formato: | Libro |
| Lenguaje: | español |
| Publicado: |
Madrid
Ediciones Cristiandad
1982
|
| Edición: | 2a. ed |
| Materias: | |
| Etiquetas: |
Agregar Etiqueta
Sin Etiquetas, Sea el primero en etiquetar este registro!
|
MARC
| LEADER | 00000cam a2200000 a 4500 | ||
|---|---|---|---|
| 001 | UCD5838 | ||
| 003 | CL-VaPUC | ||
| 008 | 161028e19820000sp |||||||||||||||||spa|d | ||
| 020 | |a 847057261X | ||
| 082 | 0 | 4 | |a 226.5 |b MAT |2 21 |
| 100 | |a Mateos Alvarez, Juan José |e autor |9 314392 | ||
| 700 | 0 | |a Barreto, Juan |e author |9 589640 | |
| 245 | 1 | 3 | |a El evangelio de Juan: análisis lingüístico y comentario exegético |
| 250 | |a 2a. ed | ||
| 300 | |a 949 p | ||
| 942 | |c BK | ||
| 945 | |d 20161028 10:18:00 |a dcastane | ||
| 260 | |a Madrid |b Ediciones Cristiandad |c 1982 | ||
| 650 | 0 | |a Nuevo testamento |9 257604 | |
| 650 | 0 | |a Evangelios |9 314864 | |
| 650 | 0 | |a Evangelistas |9 315131 | |
| 583 | |a last modification |c 20161028 10:18:00 |k Rodrigo Vera | ||
| 999 | |c 366387 |d 366385 | ||
| 952 | |0 0 |1 0 |3 erd |4 0 |6 226_500000000000000_MAT_1982 |7 0 |8 A |9 480584 |a BIBTEO |b BIBTEO |i 5345553 |l 3 |m 2 |o 226.5 MAT 1982 |p 5345553 |r 2025-01-17 |s 2024-08-28 |w 2019-11-24 |y BK |z Catalogado en:20161028 |k ICR | ||